| 000 | 00934nam a22002417a 4500 | ||
|---|---|---|---|
| 001 | 14495 | ||
| 003 | BD-JhCC | ||
| 005 | 20251220093330.0 | ||
| 008 | 251215b |||||||| |||| 00| 0 eng d | ||
| 020 | _a9844581990 | ||
| 035 | _a(BD-JhCC)14495 | ||
| 040 |
_aBD-JhCC _dBD-JhCC |
||
| 041 | _aবাংলা | ||
| 082 |
_223 _a355.425 _bMOR 2024 |
||
| 100 | _aমোর্তোজা, গোলাম | ||
| 245 |
_aশান্তিবাহিনী গেরিলা জীবন / _cগোলাম মোর্তোজা |
||
| 246 | _aShantibahini Guerrilla Jeebon | ||
| 260 |
_aঢাকাঃ _bসময় প্রকাশন _c২০২৪ |
||
| 300 |
_a২০০ পৃ.; _bচিত্রাবলী সংযোজিত, _c২২ সেমি. _eপেপার বাইন্ডিং |
||
| 650 | _aগেরিলা জীবন - শান্তিবাহিনী | ||
| 942 |
_2ddc _cBK |
||
| 999 |
_c14495 _d14495 |
||